Membrane contactors : fundamentals, applications and potentialities /

Guardado en:
Autor Principal: Drioli, E.
Otros Autores: Criscuoli, Alessandra., Curcio, Efrem.
Formato: Libro
Idioma:English
Publicado: Amsterdam : Elsevier, 2006.
Edición:1st ed.
Series:Membrane science and technology series ; 11
Materias:
Acceso en línea:Descripción
Etiquetas: Agregar Etiqueta
Sin Etiquetas, Sea el primero en etiquetar este registro!
LEADER 01292cam a22003255a 4500
001 EIQ.libpla002987
008 051101s2006####ne#######b####001#0#eng#d
005 20080909150227.0
245 1 0 |a Membrane contactors :  |b fundamentals, applications and potentialities /  |c Enrico Drioli, Alessandra Criscuoli, Efrem Curcio. 
250 |a 1st ed. 
260 |a Amsterdam :  |b Elsevier,  |c 2006. 
300 |a xiii, 502 p. :  |b il., fotos ;  |c 24 cm. 
440 0 |a Membrane science and technology series ;  |v 11 
504 |a Incluye referencias bibliográficas e índice. 
020 |a 0444522034 
100 1 |a Drioli, E. 
700 1 |a Criscuoli, Alessandra. 
700 1 |a Curcio, Efrem. 
082 0 0 |a 660/.28424  |2 22 
650 4 |a Procesos  |x Separación de membranas. 
650 4 |a Procesos  |x Reactores de membranas. 
650 4 |a Procesos  |x Membranas (Tecnología). 
650 4 |a Processes  |x Membrane separation. 
650 4 |a Processes  |x Membrane reactors. 
650 4 |a Processes  |x Membranes (Technology). 
010 |a  2005055508 
040 |a DLC  |c DLC  |d AR-BbSID 
856 4 2 |3 Descripción  |u http://www.loc.gov/catdir/enhancements/fy0625/2005055508-d.html 
859 |a AR-BbSID  |b BIB. PLAPIQUI  |h 660.284 24  |i D 833  |p 6022  |t Ej. 1  |v Ej. 1 
859 |a AR-BbSID  |b BIB. PLAPIQUI  |h 660.284 24  |i D 833  |p 6089  |t Ej. 2  |v Ej. 2